Traduction "Je t'aime" (Pays Union Européenne) - Statistiques

Statistiques générales
  • Ce quiz a été pris 359 fois
  • Le résultat moyen est 6 sur 27
Statistiques - réponses
Hint Réponse % Correct
France Je t'aime
93%
Luxembourg Je t'aime
93%
Belgique Je t'aime / Ik hou van jou
93%
Allemagne Ich liebe Dich
79%
Espagne Te quiero
75%
Italie Ti amo
74%
Pays-Bas Ik hou van jou
14%
Portugal Amo te / Eu te amo
13%
Chypre S'agapo
5%
Grèce S'agapo
5%
Roumanie Te iubesc
3%
Autriche Volim te
3%
Croätie Volim te
3%
Suède Jag älskar dig
2%
Danemark Jeg elsker dig
2%
Finlande Minä rakastan sinua
2%
Hongrie Szeretlek
2%
Lituanie Aš tave myliu
1%
Pologne Kocham ciebie
1%
Slovenie Ljubim te
1%
Estonie Ma armastan sind
1%
Bulgarie Obicham te
1%
Lettonie Es tevi milu
0%
Malte Inhobbok
0%
Irlande Is breá liom tú
0%
République tchèque Milujem t'a
0%
Slovaquie Milujem t'a
0%
Aucun quiz correspondant
Distribution des résultats
% des personnes avec chaque résultat
Percentile par nombre de réponses
Votre historique - résultats
Vous n’avez pas pris ce quiz